Systém řízení výroby Kanban

Návod na zavedenie systému Kanban. Stanovenie veličín pre systém Kanban. Voľba podporných pomôcok a dopravných prostriedkov pre tento systém.

Na minha lista:
Detalhes bibliográficos
Autor principal: Cempírek, Václav
Formato: Capítulo de Livro
Idioma:tcheco
Assuntos:
Tags: Adicionar Tag
Sem tags, seja o primeiro a adicionar uma tag!

MARC

LEADER 00000naa$a2200000$$$4500
001 0067891
005 20231128133940.2
041 0 |a cze 
044 |a CZ 
245 1 0 |a Systém řízení výroby Kanban  |c Václav Cempírek 
520 |a Návod na zavedenie systému Kanban. Stanovenie veličín pre systém Kanban. Voľba podporných pomôcok a dopravných prostriedkov pre tento systém. 
610 2 0 |a výroba 
610 2 0 |a odberatelia 
610 2 0 |a objednávky 
610 2 0 |a výrobcovia 
610 2 0 |a riadenie výroby 
610 2 0 |a zásoby 
610 2 0 |a preprava 
610 2 0 |a doprava 
100 1 |a Cempírek, Václav